10 größte Städte Niederlande - Statistiken

Allgemein
  • Dieses Quiz wurde 70 mal gespielt
  • Das Durchschnittsergebnis liegt bei 6 aus 10
Antwortstatistiken
Einwohner Antwort % Korrekt
935.000 Amsterdam
100%
673.000 Rotterdam
100%
569.000 Den Haag
90%
249.000 Eindhoven
74%
244.000 Groningen
67%
377.000 Utrecht
64%
189.000 Nijmegen
30%
230.000 Tilburg
28%
189.000 Breda
26%
230.000 Almere
20%
Keine übereinstimmenden Quizze gefunden
Verteilung der Resultate
Anzahl Personen mit jedem Resultat
Perzentil nach korrekt beantworteten Fragen
Ihre Resultats-Entwicklung
Sie haben dieses Quiz noch nicht gespielt